000 00753nam a22002177a 4500
003 UA-OsUOA
001 120607
007 ta
008 20170208b un ||||| |||| 00| 0 ukr d
100 _aВертій О.
090 _a82
_bВ35
942 _cSA
040 _aUA-OsUOA
_bukr
_cUA-OsUOA
_dUA-OsUOA
245 _aІван Франко і формування національної громадянської та суспільно-політичної позиції українців
300 _aС.27-34
955 _a0
041 _aukr
080 _a82
773 0 _w120600
_tУкраїнська мова і література в школі
_dК.
_d2016
_g6
650 7 _a82 Література. Літературознавство
_2UDC
999 _c406812
_d406812